| 000 | 00520nam a2200145 4500 | ||
|---|---|---|---|
| 999 |
_c14619 _d14619 |
||
| 008 | 191019b ||||| |||| 00| 0 eng d | ||
| 022 | _a03080587 | ||
| 082 | _aDPer 420.5 M72 Apr-Oct 2011 v. 20, n. 2-4 | ||
| 100 |
_940449 _aPerrin, Geoff. |
||
| 245 |
_aDeveloping a sense of text in advanced students/ _cGeoff Perrin. |
||
| 260 |
_aChichester, West Sussex: _bPavilion Publishing, _c©2011. |
||
| 300 |
_av20, n2 pages 33-38: _bcolor illustrations; _c30 cm. |
||
| 650 |
_aLanguage and languages. _940623 |
||
| 942 |
_2ddc _cPER |
||